Normal view MARC view

Entry Personal Name

Number of records used in: 1

001 - CONTROL NUMBER

  • control field: 1123420

003 - CONTROL NUMBER IDENTIFIER

  • control field: OSt

005 - DATE AND TIME OF LATEST TRANSACTION

  • control field: 20260302120030.0

008 - FIXED-LENGTH DATA ELEMENTS

  • fixed length control field: 260302|| aca||aabn | a|a d

040 ## - CATALOGING SOURCE

  • Original cataloging agency: OSt
  • Transcribing agency: OSt

100 ## - HEADING--PERSONAL NAME

  • Personal name: Jarleth Burke

670 ## - SOURCE DATA FOUND

  • Source citation: Work cat.: (OSt)1688323: Jarleth Burke, A Critical Account of Article 106(2) TFEU Government Failure in Public Service Provision
Copyright @ Delhi University Library System